[Event "EUYCC 2022 - U12"]
[Site "?"]
[Date "2022.08.24"]
[Round "3.6"]
[White "Soucek, Andrej"]
[Black "Frydel, Marcel"]
[Result "1-0"]
[WhiteElo "1585"]
[BlackElo "1271"]
[PlyCount "85"]
[EventDate "2022.??.??"]

1. d4 d5 2. Nf3 Bf5 3. c4 e6 4. Nc3 c6 5. Bf4 Bd6 6. Bg3 Bxg3 7. hxg3 h6 8. e3
Nd7 9. cxd5 exd5 10. Bd3 Bxd3 11. Qxd3 Qe7 12. Rb1 Qb4 13. a3 Qa5 14. Nh4 Ne7
15. O-O O-O 16. Ne2 a6 17. b4 Qb6 18. a4 Qc7 19. Rfc1 Qd6 20. b5 axb5 21. axb5
Rfb8 22. Rb2 c5 23. dxc5 Nxc5 24. Qd4 Ne6 25. Qb4 Rd8 26. Qxd6 Rxd6 27. Nf4
Nxf4 28. gxf4 Rd7 29. Rbc2 Rad8 30. Nf3 f6 31. Nd4 Rd6 32. Rc7 R8d7 33. b6 Kf8
34. Nb5 Rxb6 35. Rxd7 Rxb5 36. Rcc7 Rb1+ 37. Kh2 b5 38. Rxe7 b4 39. Red7 Kg8
40. Rxg7+ Kf8 41. Rh7 Kg8 42. Rhd7 Ra1 43. Rd8# 1-0

[Event "EUYCC 2022 - U12"]
[Site "?"]
[Date "2022.08.24"]
[Round "3.7"]
[White "Barteckova, Nikol"]
[Black "Balazs, Szabina Zoe"]
[Result "0-1"]
[WhiteElo "1231"]
[BlackElo "1437"]
[PlyCount "112"]
[EventDate "2022.??.??"]

1. e4 e5 2. Nc3 Nf6 3. f4 d5 4. fxe5 Nxe4 5. Nf3 Be7 6. Qe2 Nxc3 7. dxc3 c6 8.
Be3 Be6 9. O-O-O Nd7 10. Qf2 h6 11. Qg3 g6 12. Bd3 g5 13. h3 Qa5 14. a3 Nc5 15.
Bxc5 Qxc5 16. Nd4 O-O-O 17. Rhf1 Qb6 18. Rde1 c5 19. Nf5 Bf8 20. Ne3 c4 21. Be2
Qc7 22. Bh5 b5 23. Rd1 Rd7 24. Bg4 Bg7 25. Bxe6 fxe6 26. Ng4 a5 27. Nf6 Rf7 28.
Ng4 Rhf8 29. Rxf7 Rxf7 30. Re1 Rf5 31. Kd1 h5 32. Nf2 Rxe5 33. Rxe5 Qxe5 34.
Qf3 Qf4 35. Qxf4 gxf4 36. Ke2 e5 37. b3 e4 38. bxc4 bxc4 39. a4 Bxc3 40. Nd1
Bf6 41. Nf2 Kc7 42. Nd1 Kc6 43. Nf2 Kc5 44. Nd1 Kb4 45. Nf2 Kxa4 46. Nd1 Kb4
47. Nf2 a4 48. Nd1 a3 49. Nf2 a2 50. Nd1 a1=Q 51. Nf2 Qc1 52. Nd1 Qxc2+ 53. Ke1
Bh4+ 54. Nf2 Qxf2+ 55. Kd1 Kc3 56. Kc1 Qc2# 0-1

[Event "EUYCC 2022 - U12"]
[Site "?"]
[Date "2022.08.24"]
[Round "3.8"]
[White "Bartova, Hana"]
[Black "Wolff, Calvin"]
[Result "1-0"]
[WhiteElo "1209"]
[BlackElo "1387"]
[PlyCount "103"]
[EventDate "2022.??.??"]

1. e4 e5 2. Nc3 Nf6 3. f4 d5 4. fxe5 Nxe4 5. Nf3 Bc5 6. Qe2 Bf5 7. d4 Bb6 8.
Bd2 c5 9. Qb5+ Bd7 10. Qd3 c4 11. Qe2 Bf5 12. O-O-O Nc6 13. Be1 a6 14. Nb1 Bg4
15. c3 Qe7 16. Bf2 Nxe5 17. Qe3 f5 18. Nxe5 Bxd1 19. Kxd1 Nxf2+ 20. Qxf2 Qxe5
21. Bxc4 O-O-O 22. Bd3 g6 23. Qf3 Qd6 24. g3 Rhe8 25. Na3 Bc7 26. Nc2 Qb6 27.
b3 Qa5 28. b4 Qxa2 29. Kd2 Qa4 30. b5 a5 31. Ra1 Qb3 32. Qd1 Bd6 33. Rxa5 Bf8
34. Qa1 Bh6+ 35. Kd1 Kd7 36. Ra3 Re3 37. Rxb3 Rxd3+ 38. Ke2 Rd2+ 39. Kf1 Rxc2
40. Rb1 Re8 41. b6 Ree2 42. Qa4+ Ke7 43. Re1 Rxe1+ 44. Kxe1 Rc1+ 45. Kf2 Kd6
46. Qa3+ Ke6 47. Qc5 Bd2 48. Qc8+ Kf6 49. Qxb7 Bxc3 50. Qxd5 Rd1 51. b7 Rxd4
52. Qc6+ 1-0

[Event "EUYCC 2022 - U12"]
[Site "?"]
[Date "2022.08.24"]
[Round "3.9"]
[White "Pukite, Elza"]
[Black "Stara, Zuzana"]
[Result "0-1"]
[WhiteElo "1200"]
[BlackElo "1375"]
[PlyCount "136"]
[EventDate "2022.??.??"]

1. e4 c5 2. Nf3 Nc6 3. d4 cxd4 4. Nxd4 Nf6 5. Nxc6 bxc6 6. e5 Nd5 7. Bc4 Nb6 8.
Bb3 Ba6 9. Nc3 d5 10. exd6 exd6 11. Qf3 d5 12. Be3 Bb4 13. Bxb6 axb6 14. Qe3+
Qe7 15. Qxe7+ Bxe7 16. O-O-O O-O 17. a3 Rfe8 18. Rhe1 Bc5 19. Rxe8+ Rxe8 20. f3
Bd6 21. h3 Re3 22. Kb1 Bc8 23. Ne4 Be7 24. Nc3 Bf5 25. Ka2 h6 26. Rd2 Bg5 27.
Re2 Be6 28. Kb1 Kf8 29. Rxe3 Bxe3 30. Nd1 Bd2 31. Nf2 Bf5 32. g4 Bg6 33. Nd3
Bxd3 34. cxd3 Ke7 35. Kc2 Be3 36. Kc3 Bc5 37. d4 Bd6 38. Kd3 Bf4 39. Bd1 Kf6
40. b3 Kg5 41. Be2 Kh4 42. Bf1 Kg3 43. Ke2 Bc1 44. a4 Ba3 45. Ke3 c5 46. dxc5
Bxc5+ 47. Ke2 d4 48. Kd3 Kxf3 49. Be2+ Kg3 50. Kc4 Kf2 51. Bd3 Ke3 52. Bf1 Bd6
53. b4 Bc7 54. Bd3 g6 55. b5 Bd8 56. Bf1 f5 57. gxf5 gxf5 58. Bd3 f4 59. Bf1 f3
60. Bd3 f2 61. Bf1 Bc7 62. Bd3 Be5 63. Bf1 Kd2 64. h4 Ke1 65. Bg2 f1=Q+ 66.
Bxf1 Kxf1 67. Kd3 Kg2 68. h5 Kg3 0-1

[Event "EUYCC 2022 - U12"]
[Site "?"]
[Date "2022.08.24"]
[Round "3.10"]
[White "Kozdon, Marek"]
[Black "Kupka, Alexandr"]
[Result "1-0"]
[WhiteElo "1275"]
[BlackElo "1189"]
[PlyCount "101"]
[EventDate "2022.??.??"]

1. d4 d5 2. Nf3 Nf6 3. c4 e6 4. Nc3 Bb4 5. cxd5 exd5 6. Bg5 h6 7. Bh4 O-O 8. e3
Bf5 9. Bd3 Bxd3 10. Qxd3 Qd6 11. O-O Bxc3 12. Qxc3 Ne4 13. Qc2 Nc6 14. Rac1
Rac8 15. a3 Rfe8 16. Nd2 Nxd2 17. Qxd2 Re6 18. Qc2 Rg6 19. Qf5 Re8 20. Rc5 Ne5
21. Bg3 Rge6 22. Qc2 c6 23. Bxe5 Qd8 24. Qb3 Qe7 25. Rfc1 h5 26. h3 Rg6 27. Kf1
h4 28. Bf4 Re6 29. Qa4 g5 30. Be5 f6 31. Bh2 a6 32. Qa5 b6 33. Qxb6 Rxe3 34.
fxe3 Qxe3 35. R5c2 f5 36. Qxc6 g4 37. Qxe8+ Qxe8 38. Rc8 Qxc8 39. Rxc8+ Kf7 40.
Ra8 g3 41. Bxg3 hxg3 42. Rxa6 f4 43. b4 Ke7 44. h4 Kd7 45. h5 Ke7 46. b5 Kd7
47. h6 Ke7 48. h7 Kf7 49. h8=Q Ke7 50. Qg7+ Kd8 51. Ra8# 1-0

[Event "EUYCC 2022 - U12"]
[Site "?"]
[Date "2022.08.24"]
[Round "3.11"]
[White "Richter, Johanna"]
[Black "Pritulina, Nadezhda"]
[Result "1/2-1/2"]
[WhiteElo "1355"]
[BlackElo "1125"]
[PlyCount "153"]
[EventDate "2022.??.??"]

1. d4 e6 2. c4 c5 3. d5 exd5 4. cxd5 d6 5. Nc3 Nf6 6. e4 g6 7. Nf3 Bg7 8. h3
O-O 9. Bd3 b6 10. O-O Ba6 11. Bxa6 Nxa6 12. Re1 Nc7 13. Bg5 b5 14. e5 dxe5 15.
d6 Nce8 16. d7 Nc7 17. Nxe5 Ne6 18. Bxf6 Bxf6 19. Nxb5 Qb8 20. Nd6 Qxb2 21.
Ndc4 Qb7 22. Rb1 Qa6 23. Qd2 Nd4 24. Qa5 Qxa5 25. Nxa5 Bxe5 26. Rxe5 Rfd8 27.
Rb7 Ne6 28. Nc6 Rf8 29. Rxa7 Rxa7 30. Nxa7 Rd8 31. Rd5 Nf8 32. Rxc5 Rxd7 33.
Ra5 Rd1+ 34. Kh2 Rd2 35. f3 Nd7 36. Nc6 Nb6 37. Ne5 Nd5 38. Ra8+ Kg7 39. Rd8
Ne3 40. Rxd2 Nf1+ 41. Kg1 Nxd2 42. a4 Nb3 43. Nc6 Nc5 44. a5 Na6 45. Kf2 Kf6
46. Ke3 Kf5 47. g3 h5 48. Nd4+ Ke5 49. f4+ Kd5 50. Nf3 f6 51. g4 hxg4 52. hxg4
Nb4 53. Ne1 Na6 54. Nc2 g5 55. f5 Ke5 56. Kf3 Kd5 57. Ne3+ Kd4 58. Ng2 Nb4 59.
Ne1 Na6 60. Nc2+ Kd3 61. Ne3 Kd4 62. Nf1 Nc5 63. Nd2 Ke5 64. Ke3 Kd5 65. Nf1
Ke5 66. Ng3 Kd5 67. Nh5 Ke5 68. Ng7 Kd6 69. Ne8+ Ke7 70. Nc7 Kd6 71. Ne6 Na6
72. Kd4 Kc6 73. Kc4 Nb8 74. Ng7 Nd7 75. Kd4 Ne5 76. Ne6 Nxg4 77. Nc5 1/2-1/2

[Event "EUYCC 2022 - U12"]
[Site "?"]
[Date "2022.08.24"]
[Round "3.12"]
[White "Grunert, Greta"]
[Black "Nemitz, Alfred"]
[Result "0-1"]
[WhiteElo "1103"]
[BlackElo "1894"]
[PlyCount "84"]
[EventDate "2022.??.??"]

1. e4 e5 2. Nf3 Nc6 3. Bb5 a6 4. Ba4 Nf6 5. O-O Be7 6. Re1 b5 7. Bb3 d6 8. h3
Na5 9. c3 Nxb3 10. axb3 O-O 11. d4 exd4 12. cxd4 Bb7 13. d5 c6 14. dxc6 Bxc6
15. Nbd2 Re8 16. e5 dxe5 17. Nxe5 Qb6 18. Ndf3 Bc5 19. Be3 Rad8 20. Qe2 Bxf3
21. Nxf3 Bxe3 22. fxe3 Nd5 23. Rac1 Nf4 24. Qc2 Nd3 25. Kh2 Nxe1 26. Rxe1 Rxe3
27. Rxe3 Qxe3 28. Qc7 Re8 29. h4 Qxb3 30. Qa7 Qe6 31. Ng5 Qe5+ 32. Kh1 Qe1+ 33.
Kh2 Qxh4+ 34. Nh3 Qf6 35. b3 g5 36. Qd7 Qe5+ 37. Kg1 Re7 38. Qd8+ Kg7 39. b4 g4
40. Nf2 g3 41. Qd1 Qe1+ 42. Qxe1 Rxe1# 0-1

[Event "EUYCC 2022 - U12"]
[Site "?"]
[Date "2022.08.26"]
[Round "5.1"]
[White "Mence, Eline"]
[Black "Ivanov, Andrey A."]
[Result "0-1"]
[WhiteElo "1633"]
[BlackElo "1782"]
[PlyCount "60"]
[EventDate "2022.??.??"]

1. d4 Nf6 2. Bg5 d5 3. Bxf6 exf6 4. e3 g6 5. g3 Bg7 6. Bg2 O-O 7. Ne2 c6 8. O-O
Nd7 9. Nd2 f5 10. c4 Nf6 11. Nc3 Be6 12. cxd5 Nxd5 13. Nxd5 Bxd5 14. Bxd5 Qxd5
15. Qb3 Qd7 16. Rfd1 h5 17. Qc4 Rfe8 18. Nb3 b6 19. Re1 h4 20. Rad1 Rad8 21.
Nd2 f4 22. exf4 Rxe1+ 23. Rxe1 Bxd4 24. Ne4 Re8 25. Re2 b5 26. Qc2 h3 27. Nc3
Bxc3 28. Rxe8+ Qxe8 29. Qxc3 Qe4 30. f3 Qe2 0-1

[Event "EUYCC 2022 - U12"]
[Site "?"]
[Date "2022.08.26"]
[Round "5.3"]
[White "Soucek, Andrej"]
[Black "Bartova, Hana"]
[Result "1/2-1/2"]
[WhiteElo "1585"]
[BlackElo "1209"]
[PlyCount "74"]
[EventDate "2022.??.??"]

1. e4 e5 2. Nf3 Nc6 3. Bb5 f5 4. d3 fxe4 5. dxe4 Nf6 6. O-O d6 7. Nc3 Be7 8. h3
O-O 9. Bc4+ Kh8 10. Ng5 Qe8 11. a4 h6 12. Ne6 Bxe6 13. Bxe6 Nd4 14. Bc4 Qg6 15.
Be3 Nc6 16. Bd3 Nh5 17. Nd5 Rac8 18. Qg4 Qxg4 19. hxg4 Nf6 20. Nxe7 Nxe7 21. g5
hxg5 22. Bxg5 Kh7 23. f4 Kg6 24. Rae1 Rh8 25. Rf3 Rh5 26. Bxf6 gxf6 27. f5+ Kg7
28. Rg3+ Rg5 29. Ree3 Rh8 30. Ref3 Rhh5 31. Be2 Rxg3 32. Rxg3+ Rg5 33. Rb3 b6
34. c4 Nc6 35. Kf2 Nd4 36. Re3 c5 37. g3 a5 1/2-1/2

[Event "EUYCC 2022 - U12"]
[Site "?"]
[Date "2022.08.26"]
[Round "5.4"]
[White "Topencik, Bruno"]
[Black "Balazs, Szabina Zoe"]
[Result "1-0"]
[WhiteElo "1334"]
[BlackElo "1437"]
[PlyCount "63"]
[EventDate "2022.??.??"]

1. e4 e5 2. f4 d5 3. exd5 Qxd5 4. Nc3 Qe6 5. fxe5 Qxe5+ 6. Qe2 Qxe2+ 7. Bxe2 c6
8. Nf3 Nf6 9. O-O Be7 10. Bc4 O-O 11. d3 h6 12. Re1 Bb4 13. Bd2 Nbd7 14. Re2
Nb6 15. Bb3 Bg4 16. Rae1 Bh5 17. Ne4 Be7 18. Ng3 Bc5+ 19. Be3 Bxf3 20. gxf3
Bxe3+ 21. Rxe3 Nbd5 22. R3e2 a5 23. a3 g6 24. Ne4 Rfe8 25. Nxf6+ Nxf6 26. Re7
Rf8 27. Rxb7 a4 28. Bc4 Ne8 29. Ba2 Nd6 30. Rc7 Nf5 31. Kf2 Rac8 32. Bxf7+ 1-0

[Event "EUYCC 2022 - U12"]
[Site "?"]
[Date "2022.08.26"]
[Round "5.5"]
[White "Buchtova, Viktorie"]
[Black "Ropovik, Samuel"]
[Result "1-0"]
[WhiteElo "1531"]
[BlackElo "1607"]
[PlyCount "69"]
[EventDate "2022.??.??"]

1. e4 c5 2. Nf3 d6 3. d4 cxd4 4. Nxd4 Nf6 5. Nc3 Nc6 6. Bg5 Bd7 7. Be2 e6 8.
Ndb5 Qb8 9. a4 Be7 10. Qd2 a6 11. Na3 h6 12. Bh4 O-O 13. Nc4 Nxe4 14. Nxe4 Bxh4
15. Nb6 Qc7 16. Nxa8 Rxa8 17. Qxd6 Qb6 18. O-O Be7 19. Qd3 Rd8 20. b3 e5 21.
Qe3 Qc7 22. Rad1 Rc8 23. Bc4 Nd4 24. c3 Ne6 25. Rd2 b5 26. axb5 axb5 27. Rfd1
Rd8 28. Bxe6 Bxe6 29. Rxd8+ Bxd8 30. Nc5 Bf5 31. b4 Bg5 32. Qf3 Qc8 33. Qb7 Qe8
34. Nd7 Qe6 35. Qb8+ 1-0

[Event "EUYCC 2022 - U12"]
[Site "?"]
[Date "2022.08.26"]
[Round "5.6"]
[White "Nemitz, Alfred"]
[Black "Kroulik, Vaclav"]
[Result "1/2-1/2"]
[WhiteElo "1894"]
[BlackElo "1809"]
[PlyCount "59"]
[EventDate "2022.??.??"]

1. d4 d5 2. c4 dxc4 3. Nf3 Nf6 4. e3 e6 5. Bxc4 c5 6. Qe2 Nc6 7. O-O cxd4 8.
Rd1 Be7 9. exd4 O-O 10. Nc3 Na5 11. Bd3 b6 12. Bf4 Bb7 13. Rac1 Rc8 14. h3 Nd5
15. Bh2 Nb4 16. Bb1 Nd5 17. Qd3 g6 18. Ne4 Nb4 19. Rxc8 Qxc8 20. Qd2 Bxe4 21.
Bxe4 Nd5 22. Qh6 Nc6 23. Rc1 Qd7 24. Ne5 Nxe5 25. Bxe5 f6 26. Bg3 Rc8 27. Rxc8+
Qxc8 28. Bxd5 exd5 29. Qe3 Kf7 30. Qh6 1/2-1/2

[Event "EUYCC 2022 - U12"]
yit??"]
[Date "2022.08.26"]
[Round "5.7"]
[White "Barteckova, Valerie"]
[Black "Kupka, Alexandr"]
[Result "1-0"]
[WhiteElo "1403"]
[BlackElo "1189"]
[PlyCount "165"]
[EventDate "2022.??.??"]

1. d4 d5 2. Nf3 Nf6 3. Bf4 Bf5 4. e3 e6 5. Bd3 Be4 6. O-O Bd6 7. Bg3 O-O 8. Qe2
Nc6 9. c3 Bxd3 10. Qxd3 Ne4 11. Nbd2 Nxg3 12. hxg3 Qf6 13. e4 Qg6 14. Nh4 Qg4
15. exd5 exd5 16. Qb5 Qh5 17. Qxb7 Ne7 18. Qb3 Ng6 19. Ndf3 Rab8 20. Qc2 Nxh4
21. Nxh4 f5 22. f4 g5 23. Nxf5 gxf4 24. g4 Qg6 25. Rf2 Rb6 26. Re1 h5 27. Ne7+
Bxe7 28. Qxg6+ Rxg6 29. Rxe7 hxg4 30. Kf1 g3 31. Rf3 Rb6 32. b3 Rc6 33. Re5 Rd6
34. Rg5+ Kh7 35. Rgxg3 fxg3 36. Rxf8 Rc6 37. Rf3 Ra6 38. Rxg3 Rxa2 39. Re3 Kg6
40. Re5 Ra5 41. Re6+ Kf5 42. Rc6 Ke4 43. Kg1 Rb5 44. b4 Rb7 45. Kh2 Kf5 46. g3
Kg5 47. Rc5 c6 48. Rxc6 Rh7+ 49. Kg2 Kf5 50. Kf3 Rg7 51. Rc5 Ke6 52. g4 Rf7+
53. Kg3 Kd6 54. Kh4 Rf3 55. g5 Rf1 56. Kh5 Rh1+ 57. Kg6 Rg1 58. b5 Rg2 59. Rc6+
Kd7 60. Ra6 Kc7 61. Rxa7+ Kb6 62. Rd7 Kxb5 63. Rxd5+ Kc4 64. Rc5+ Kd3 65. Kg7
Ke4 66. g6 Rg1 67. Rc6 Kd5 68. Rf6 Ra1 69. Kg8 Ra8+ 70. Rf8 Ra1 71. g7 Rg1 72.
Rf7 Ke6 73. Kf8 Rc1 74. g8=Q Rxc3 75. Rf3+ Kd7 76. Rxc3 Kd6 77. Qg6+ Kd5 78.
Rc5+ Kxd4 79. Qd6+ Ke4 80. Re5+ Kf4 81. Qf6+ Kg4 82. Rg5+ Kh4 83. Qh6# 1-0

[Event "EUYCC 2022 - U12"]
[Site "?"]
[Date "2022.08.26"]
[Round "5.8"]
[White "Kozdon, Marek"]
[Black "Stara, Zuzana"]
[Result "0-1"]
[WhiteElo "1275"]
[BlackElo "1375"]
[PlyCount "86"]
[EventDate "2022.??.??"]

1. d4 d5 2. Nf3 Nf6 3. c4 e6 4. Nc3 Bb4 5. cxd5 exd5 6. Bg5 h6 7. Bh4 g5 8. Bg3
Ne4 9. Qb3 Nc6 10. Ne5 Nxd4 11. Qa4+ Bd7 12. Nxd7 Qxd7 13. Qxd7+ Kxd7 14. O-O-O
Bxc3 15. bxc3 Nc6 16. Rxd5+ Ke6 17. Rd3 f5 18. f3 Nc5 19. Rd2 f4 20. Bf2 Na4
21. Kc2 Rad8 22. e4 Rxd2+ 23. Kxd2 Rd8+ 24. Kc2 Ne5 25. Bb5 Nb6 26. Rd1 Rxd1
27. Kxd1 g4 28. Bxb6 axb6 29. Be2 h5 30. fxg4 hxg4 31. h3 g3 32. Kc2 f3 33. Bf1
fxg2 34. Bxg2 Ng6 35. Bf3 Nh4 36. Bh1 g2 37. Bxg2 Nxg2 38. Kd2 Ke5 39. Kd3 Nf4+
40. Kc4 Nxh3 41. Kb5 Kxe4 42. a4 Kd3 43. c4 Kd4 0-1

[Event "EUYCC 2022 - U12"]
[Site "?"]
[Date "2022.08.26"]
[Round "5.9"]
[White "Srba, Daniel"]
[Black "Pritulina, Nadezhda"]
[Result "1/2-1/2"]
[WhiteElo "1355"]
[BlackElo "1125"]
[PlyCount "111"]
[EventDate "2022.??.??"]

1. e4 c5 2. Nf3 Nc6 3. d4 cxd4 4. Nxd4 Nf6 5. Nc3 e5 6. Ndb5 d6 7. Bg5 a6 8.
Na3 b5 9. Nd5 Qa5+ 10. Bd2 Qd8 11. Bg5 Be7 12. Bxf6 gxf6 13. c3 f5 14. Bd3 f4
15. g3 fxg3 16. hxg3 Bg5 17. Qh5 Be6 18. Nc7+ Qxc7 19. Qxg5 Kd7 20. f4 Rhg8 21.
Qh4 Rg4 22. Qh2 Rag8 23. f5 Bc4 24. Bxc4 bxc4 25. O-O-O Rxg3 26. Qxh7 R8g7 27.
Qh6 Na5 28. Qf6 Qc5 29. Kb1 Rg1 30. Rhxg1 Rxg1 31. Qxf7+ Kc8 32. Qh5 Qe3 33.
Qe8+ Kc7 34. Qe7+ Kc8 35. Qe8+ Kb7 36. Qd7+ Ka8 37. Qc8+ Ka7 38. Qc7+ Nb7 39.
Rxg1 Qxg1+ 40. Kc2 Qf2+ 41. Kc1 Qe1+ 42. Kc2 Qxe4+ 43. Kd2 Qxf5 44. Qxc4 Qf2+
45. Qe2 Qxe2+ 46. Kxe2 Kb6 47. b4 a5 48. Nc2 axb4 49. Nxb4 Nc5 50. Ke3 Kb5 51.
Kd2 Kc4 52. Nc6 Ne4+ 53. Kc2 Nxc3 54. Na5+ Kb4 55. Nc6+ Kc5 56. Nxe5 1/2-1/2

[Event "EUYCC 2022 - U12"]
[Site "?"]
[Date "2022.08.26"]
[Round "5.10"]
[White "Barteckova, Nikol"]
[Black "Frydel, Marcel"]
[Result "0-1"]
[WhiteElo "1231"]
[BlackElo "1271"]
[PlyCount "126"]
[EventDate "2022.??.??"]

1. e4 e5 2. Nc3 Nf6 3. Nf3 Bb4 4. d3 d5 5. Bd2 Nc6 6. Be2 O-O 7. O-O d4 8. Nb1
Bxd2 9. Nbxd2 Bg4 10. h3 Be6 11. Nb3 Qd6 12. Qd2 b6 13. Nh2 h6 14. f4 exf4 15.
Qxf4 Qxf4 16. Rxf4 Bxb3 17. axb3 Nb4 18. c3 Nc6 19. Rf2 Rfd8 20. b4 Nd7 21. Rd1
Nde5 22. Nf3 Nxf3+ 23. Rxf3 a5 24. b5 Ne5 25. Rf2 Rd6 26. Bf1 Rad8 27. Rfd2
dxc3 28. bxc3 Nc4 29. Rf2 Ne3 30. Re1 Nxf1 31. Rexf1 Rxd3 32. Rxf7 Rxc3 33. Re7
Rf8 34. Rd1 Rf6 35. e5 Rg6 36. Rd2 Kf8 37. Red7 Rc5 38. Re2 Ke8 39. e6 Rxe6 40.
Rxe6+ Kxd7 41. Rg6 Rg5 42. Rc6 Rxb5 43. Rc2 c5 44. Kf2 a4 45. Ke3 a3 46. Ra2
Rb3+ 47. Kf4 c4 48. Ke4 b5 49. Kd4 c3 50. Kd3 b4 51. h4 Rb1 52. Rf2 b3 53. Kxc3
b2 54. Kb3 Ra1 55. Rd2+ Kc6 56. Rc2+ Kb5 57. Kc3 b1=Q 58. h5 Qb4+ 59. Kd3 Rd1+
60. Ke3 Qd4+ 61. Kf3 Rf1+ 62. Kg3 Qf4+ 63. Kh3 Rh1# 0-1

[Event "EUYCC 2022 - U12"]
[Site "?"]
[Date "2022.08.26"]
[Round "5.11"]
[White "Pukite, Elza"]
[Black "Grunert, Greta"]
[Result "1/2-1/2"]
[WhiteElo "1200"]
[BlackElo "1103"]
[PlyCount "99"]
[EventDate "2022.??.??"]

1. e4 e5 2. Nf3 Nc6 3. Bc4 Nf6 4. Ng5 d5 5. exd5 Na5 6. Bb5+ c6 7. dxc6 bxc6 8.
Qf3 Rb8 9. Bxc6+ Nxc6 10. Qxc6+ Nd7 11. Nf3 Bc5 12. Qe4 Qe7 13. Nc3 Bb7 14. Qe2
e4 15. Ng1 O-O 16. Nh3 f5 17. Nf4 Nf6 18. Qc4+ Kh8 19. Qe6 Rfe8 20. Qxf5 Bc8
21. Qg5 Qd6 22. O-O h6 23. Qg3 Bf5 24. Re1 Qc6 25. b3 g5 26. Nh3 Nh5 27. Qxb8
Rxb8 28. Bb2 g4 29. Nf4 Nxf4 30. Nd5+ Kh7 31. Nxf4 Qb6 32. Re2 Qd6 33. g3 Rd8
34. Rd1 Bd4 35. c3 Be5 36. Ng2 Rf8 37. Ne3 Qd3 38. Ree1 a6 39. Ba3 Rf7 40. Nc4
Qd5 41. Ne3 Qc6 42. Nc4 Bc7 43. Ne3 Bc8 44. Nc2 a5 45. Nd4 Qd5 46. Nc2 Bb7 47.
Ne3 Qc6 48. Re2 Bb6 49. Rde1 Kg6 50. Nxg4 1/2-1/2

[Event "EUYCC 2022 - U12"]
[Site "?"]
[Date "2022.08.26"]
[Round "5.12"]
[White "Wolff, Calvin"]
[Black "Morova, Jaroslava"]
[Result "1-0"]
[WhiteElo "1387"]
[BlackElo "1323"]
[PlyCount "43"]
[EventDate "2022.??.??"]

1. e4 e5 2. Nf3 Nc6 3. Bc4 d6 4. c3 h6 5. d4 f6 6. b4 Bg4 7. Qb3 Nge7 8. Bf7+
Kd7 9. h3 Bxh3 10. Rxh3 Kc8 11. a4 a5 12. Be6+ Kb8 13. d5 Na7 14. bxa5 Nac8 15.
a6 Rxa6 16. a5 g5 17. Kf1 Bg7 18. Ne1 Ng6 19. Nd3 Ra8 20. Nb4 Nge7 21. Nd2 Na7
22. Na6# 1-0

[Event "EUYCC 2022 - U12"]
[Site "?"]
[Date "2022.08.26"]
[Round "5.13"]
[White "Arshinkova, Ralitsa"]
[Black "Richter, Johanna"]
[Result "0-1"]
[WhiteElo "1217"]
[BlackElo "1355"]
[PlyCount "104"]
[EventDate "2022.??.??"]

1. e4 c5 2. Nf3 Nc6 3. d4 cxd4 4. Nxd4 Nf6 5. Nc3 e5 6. Nf3 Bb4 7. Bd3 O-O 8.
Bd2 a6 9. O-O d6 10. Nd5 Bxd2 11. Nxf6+ Qxf6 12. Qxd2 Qe7 13. Rad1 Bg4 14. Be2
Rad8 15. h3 Bh5 16. Nh2 Bg6 17. f3 Kh8 18. Qc3 Rc8 19. Qa3 Rfd8 20. c3 f5 21.
Bd3 f4 22. Bc4 h5 23. Bd5 Bh7 24. Rd2 Rc7 25. Rfd1 g5 26. Bb3 Rcd7 27. Ba4 b5
28. Bb3 Nb8 29. c4 bxc4 30. Bxc4 Bg8 31. Bxa6 Ra7 32. Rxd6 Rxa6 33. Rxa6 Rxd1+
34. Nf1 Qxa3 35. Rxa3 Bc4 36. Rc3 Rxf1+ 37. Kh2 Bxa2 38. Rc8+ Kg7 39. Rxb8 Rb1
40. Rb5 Kf6 41. b4 Be6 42. Rb6 h4 43. b5 Ke7 44. Rb7+ Bd7 45. b6 Kd8 46. Rb8+
Bc8 47. b7 Rxb7 48. Rxb7 Bxb7 49. Kg1 Kd7 50. Kf2 Kd6 51. Ke2 Kc5 52. Kd2 Kd4
0-1

[Event "EUYCC 2022 - U12"]
[Site "?"]
[Date "2022.08.27"]
[Round "6.1"]
[White "Ivanov, Andrey A."]
[Black "Topencik, Bruno"]
[Result "1/2-1/2"]
[WhiteElo "1782"]
[BlackElo "1334"]
[PlyCount "51"]
[EventDate "2022.??.??"]

1. e4 e6 2. d4 d5 3. e5 c5 4. c3 Nc6 5. Nf3 Nge7 6. a3 Nf5 7. b4 cxd4 8. cxd4
Be7 9. Be3 O-O 10. Bd3 Nxe3 11. fxe3 f6 12. exf6 Bxf6 13. O-O e5 14. dxe5 Nxe5
15. Nxe5 Qe8 16. Nc3 Qxe5 17. Nxd5 Be6 18. Nxf6+ Rxf6 19. Rxf6 gxf6 20. Qe1 Kh8
21. Rc1 Rg8 22. Qf2 Bh3 23. g3 Re8 24. Re1 Qc3 25. Bf1 Bxf1 26. Kxf1 1/2-1/2

[Event "EUYCC 2022 - U12"]
[Site "?"]
[Date "2022.08.27"]
[Round "6.3"]
[White "Badica, Ariana"]
[Black "Buchtova, Viktorie"]
[Result "0-1"]
[WhiteElo "1509"]
[BlackElo "1531"]
[PlyCount "54"]
[EventDate "2022.??.??"]

1. e4 c5 2. Nc3 g6 3. d4 cxd4 4. Qxd4 Nf6 5. Be3 Nc6 6. Qd2 Bg7 7. f3 O-O 8.
O-O-O d6 9. Nge2 Be6 10. Nf4 Qd7 11. Be2 Rfc8 12. Nxe6 Qxe6 13. h4 Nb4 14. Kb1
Nxe4 15. fxe4 Bxc3 16. Qd5 Nxd5 17. Rxd5 Qxe4 18. Rd3 Bf6 19. Bf3 Qc4 20. Rc1
Rc7 21. h5 a5 22. hxg6 hxg6 23. Bg5 Bxg5 24. Rc3 Qxc3 25. bxc3 Bxc1 26. Kxc1 e5
27. g4 Rxc3 0-1

[Event "EUYCC 2022 - U12"]
[Site "?"]
[Date "2022.08.27"]
[Round "6.4"]
[White "Balazs, Szabina Zoe"]
[Black "Bartova, Hana"]
[Result "1-0"]
[WhiteElo "1437"]
[BlackElo "1209"]
[PlyCount "93"]
[EventDate "2022.??.??"]

1. e4 e5 2. Nf3 Nc6 3. Bc4 Bc5 4. c3 Nf6 5. d3 d6 6. h3 h6 7. Bb3 Bd7 8. Be3
Bb6 9. Nbd2 Na5 10. Bc2 Bxe3 11. fxe3 Be6 12. Qe2 Qd7 13. d4 exd4 14. exd4 d5
15. Ne5 Qc8 16. exd5 Nxd5 17. Qb5+ Nc6 18. Nxc6 bxc6 19. Qxc6+ Kd8 20. O-O-O
Ne3 21. Rde1 Nxc2 22. Kxc2 Rb8 23. d5 Qd7 24. Qxd7+ Bxd7 25. c4 Re8 26. Nf3
Bf5+ 27. Kc1 f6 28. Nd4 Bd7 29. g4 Re7 30. a3 Ke8 31. b4 Rxe1+ 32. Rxe1+ Kf7
33. Ne6 Bxe6 34. Rxe6 Re8 35. Rxe8 Kxe8 36. c5 Kd7 37. b5 g6 38. a4 h5 39. Kd2
hxg4 40. hxg4 f5 41. gxf5 gxf5 42. Ke3 Ke7 43. Kf4 Kf6 44. a5 Ke7 45. Kxf5 Kf7
46. b6 cxb6 47. cxb6 1-0

[Event "EUYCC 2022 - U12"]
[Site "?"]
[Date "2022.08.27"]
[Round "6.5"]
[White "Kroulik, Vaclav"]
[Black "Barteckova, Valerie"]
[Result "1-0"]
[WhiteElo "1809"]
[BlackElo "1403"]
[PlyCount "85"]
[EventDate "2022.??.??"]

1. e4 e5 2. Nf3 Nc6 3. d4 exd4 4. Nxd4 Bc5 5. Be3 Qf6 6. c3 Nge7 7. Bc4 Ne5 8.
Bb3 Qg6 9. O-O d6 10. f3 O-O 11. Qe2 Bb6 12. Nd2 Kh8 13. Nc4 Nxc4 14. Bxc4 f5
15. Bd3 f4 16. e5 Bf5 17. Nxf5 Nxf5 18. Bxb6 axb6 19. Bxf5 Rxf5 20. exd6 Qxd6
21. Rfe1 Raf8 22. Rad1 Qc6 23. Qe4 Qc5+ 24. Qd4 h6 25. Qxc5 Rxc5 26. Rd7 Rff5
27. Re8+ Kh7 28. Ree7 Rcd5 29. Rxg7+ Kh8 30. Kf2 Ra5 31. Rge7 Kg8 32. a3 Kf8
33. Rxc7 Rfb5 34. Re2 Rh5 35. h3 Rhg5 36. Rxb7 Rg3 37. Rxb6 Rag5 38. Kf1 Rd5
39. Rbe6 Rd1+ 40. Re1 Rd2 41. R6e2 Rd3 42. a4 Rd5 43. b4 1-0

[Event "EUYCC 2022 - U12"]
[Site "?"]
[Date "2022.08.27"]
[Round "6.6"]
[White "Stara, Zuzana"]
[Black "Mence, Eline"]
[Result "0-1"]
[WhiteElo "1375"]
[BlackElo "1633"]
[PlyCount "72"]
[EventDate "2022.??.??"]

1. e4 c6 2. d4 d5 3. exd5 cxd5 4. c4 Nf6 5. Nc3 Nc6 6. Nf3 Bg4 7. Be3 e6 8. h3
Bh5 9. c5 Be7 10. a3 Ne4 11. Bd3 f5 12. Rg1 Bf6 13. g4 Bg6 14. g5 Be7 15. Bxe4
fxe4 16. Nh4 Qd7 17. b4 Rd8 18. Rc1 e5 19. b5 Na5 20. Qa4 Nc4 21. Nxg6 hxg6 22.
Nxd5 Nxe3 23. Nxe7 Kxe7 24. fxe3 Qxh3 25. Rc3 exd4 26. Rb3 Qh4+ 27. Kd1 dxe3+
28. Kc1 Qf4 29. Rb4 e2+ 30. Kb1 Qf1+ 31. Ka2 Rd2+ 32. Rb2 Rxb2+ 33. Kxb2 e1=Q
34. Rxf1 Qxf1 35. Qb4 Rh2+ 36. Kb3 Qd1+ 0-1

[Event "EUYCC 2022 - U12"]
[Site "?"]
[Date "2022.08.27"]
[Round "6.7"]
[White "Ropovik, Samuel"]
[Black "Nemitz, Alfred"]
[Result "1-0"]
[WhiteElo "1607"]
[BlackElo "1894"]
[PlyCount "57"]
[EventDate "2022.??.??"]

1. e4 e6 2. d4 b6 3. Nf3 Bb7 4. Bd3 Nf6 5. Nc3 Bb4 6. Qe2 c5 7. Bd2 cxd4 8.
Nxd4 Nc6 9. Nxc6 Bxc6 10. O-O-O a5 11. Kb1 Rb8 12. f4 Qc7 13. Rhf1 Qb7 14. g3
b5 15. e5 Bxc3 16. Bxc3 Nd5 17. Bd4 b4 18. Ka1 a4 19. f5 b3 20. cxb3 axb3 21.
a3 Nb4 22. axb4 Qa8+ 23. Kb1 Rc8 24. Bc3 Qa2+ 25. Kc1 Bg2 26. Rf2 Bh3 27. Bb1
Bxf5 28. Bxa2 bxa2 29. Qa6 1-0

[Event "EUYCC 2022 - U12"]
[Site "?"]
[Date "2022.08.27"]
[Round "6.8"]
[White "Frydel, Marcel"]
[Black "Srba, Daniel"]
[Result "1-0"]
[WhiteElo "1271"]
[BlackElo "1355"]
[PlyCount "39"]
[EventDate "2022.??.??"]

1. e4 e5 2. Nf3 Nc6 3. Nc3 Nf6 4. d4 exd4 5. Nxd4 Bb4 6. Nxc6 bxc6 7. Bd3 O-O
8. O-O Re8 9. Bg5 d6 10. f4 Bc5+ 11. Kh1 h6 12. Bh4 a6 13. e5 dxe5 14. fxe5 g5
15. Bxg5 hxg5 16. exf6 Bd4 17. Ne4 Qd5 18. c3 Bb6 19. Qh5 Rxe4 20. Qh6 1-0